00621nam a2200145Ia 4500008004100000020001800041100001700059245007700076260003900153650010200192650002600294856004500320999001900365952009100384171212s9999 xx 000 0 und d a9780874215953 aDejoy, Nancy cDejoy, NancyaProcess ThisbUndergraduate Writing in Composition Studies bUniversity Press of Coloradoc2004 aEnglish language -- Rhetoric -- Study and teaching; Report writing -- Study and teaching (Higher) aLanguage & Literature uwww.jstor.org/stable/10.2307/j.ctt46nz9b c353154d353154 001040aCLbCLd2017-12-12l0oPE1404.D388 2004r2017-12-12 00:00:00w2017-12-12yCBE